| 000 | 00601nam a22001937a 4500 | ||
|---|---|---|---|
| 005 | 20160708144901.0 | ||
| 010 | _aENG-115380 | ||
| 020 |
_a9789380574677 _c1295.00 |
||
| 035 | _aEN-98912 | ||
| 037 | _bDBAD/PUB | ||
| 082 | _a362.1042570954 | ||
| 245 |
_aNational rural health mission : _ban unfinished agenda / _cedited by Suresh Sharma [and] William Joe |
||
| 260 |
_aDelhi _bBookwell _c2014 |
||
| 270 |
_a3/79,Nirankari Colony _bDelhi _e110009 |
||
| 300 |
_axx,311p. _c23cm(Hb) |
||
| 700 | _aSharma,Suresh | ||
| 700 | _aJoe,William | ||
| 942 |
_2ddc _cEN _h362.1042570954 _mNAT |
||
| 999 |
_c101168 _d101168 |
||